| LEADER | 01270nam a2200229 4500 | ||
|---|---|---|---|
| 082 | |a 910.76 |b L250TH | ||
| 100 | |a Lê Thông | ||
| 245 | |a Hỏi - Đáp địa lí 12 |c Lê Thông, Nguyễn Minh Tuệ, Vũ Đình Hòa |b Phần kinh tế - xã hội | ||
| 260 | |a H. |b Giáo dục |c 2008 | ||
| 300 | |a 163 tr. |c 24 cm | ||
| 520 | |a v.v... | ||
| 653 | |a Địa lí | ||
| 653 | |a lớp 12 | ||
| 653 | |a câu hỏi | ||
| 653 | |a trả lời | ||
| 942 | |2 ddc |c STK0 | ||
| 999 | |c 9534 |d 9534 | ||
| 952 | |0 0 |1 0 |2 ddc |4 0 |6 910_760000000000000_L250TH |7 0 |8 900 |9 76110 |a qbu |b qbu |c D5 |d 2015-05-25 |g 22000 |o 910.76 L250TH |p 9668.c1 |r 0000-00-00 |w 2015-05-25 |y STK0 | ||
| 952 | |0 0 |1 0 |2 ddc |4 0 |6 910_760000000000000_L250TH |7 0 |8 900 |9 76111 |a qbu |b qbu |c D5 |d 2015-05-25 |g 22000 |o 910.76 L250TH |p 9668.c2 |r 0000-00-00 |w 2015-05-25 |y STK0 | ||
| 952 | |0 0 |1 0 |2 ddc |4 0 |6 910_760000000000000_L250TH |7 0 |8 900 |9 76112 |a qbu |b qbu |c D5 |d 2015-05-25 |g 22000 |l 1 |o 910.76 L250TH |p 9668.c3 |r 2016-04-14 |s 2016-04-04 |w 2015-05-25 |y STK0 | ||
| 952 | |0 0 |1 0 |2 ddc |4 0 |6 910_760000000000000_L250TH |7 0 |8 900 |9 76113 |a qbu |b qbu |c D5 |d 2015-05-25 |g 22000 |o 910.76 L250TH |p 9668.c4 |r 0000-00-00 |w 2015-05-25 |y STK0 | ||
| 952 | |0 0 |1 0 |2 ddc |4 0 |6 910_760000000000000_L250TH |7 0 |8 900 |9 76114 |a qbu |b qbu |c D5 |d 2015-05-25 |g 22000 |o 910.76 L250TH |p 9668.c5 |r 0000-00-00 |w 2015-05-25 |y STK0 | ||